• 首页
  • 本馆介绍
  • 公告通知
  • 最新文献
  • 馆藏检索
  • 电子资源
  • 读者导购
  • 参考咨询
  • 我的图书馆
  • 登录
  • 详细信息显示
  • 放入我的书架
  • 预约/预借图书
  • 作者相关作品
  • 分类相关作品
  • 丛书相关作品
  • 出版社相关作品

书目信息

  • 表格格式
  • 工作单格式
  • 卡片格式
题名:
流体力学基础
    
 
作者: 潘文全 主编
分册: 下册  
出版信息: 北京   机械工业出版社  1982
页数: 294页
开本: 26cm
丛书名:
单 册:
中图分类: O35
科图分类:
主题词: 流体力学--高等学校--教材
电子资源:
ISBN:
000 00664nam0 2200241 45
001 0180005398
005 20060302082633.12
010    @dCNY1.95
091    @a15033.5111
100    @a19950516f1982 em y0chiy0121 ea
101 0  @achi
102    @aCN@b110000
105    @ay z 000yy
200 10 @a流体力学基础@Aliu ti li xue ji chu@h下册@f潘文全主编@Fpan wen quan zhu bian
210    @a北京@c机械工业出版社@d1982
215    @a294页@d26cm
300    @a高等学校试用教材
606    @a流体力学@x高等学校@x教材
690    @aO35@v3
701  0 @a潘文全@Apan wen quan@4主编
801  2 @aCN@bNLC@c20060302
801  0 @aCN@b上海图书馆@c20040518
905    @dO35@e16:2
    
    流体力学基础.下册/潘文全主编.-北京:机械工业出版社,1982
    294页;26cm
    高等学校试用教材
    
    ISBN :CNY1.95
    
●
相关链接 在E读中查询图书 在五车中查询图书 在当当中查询图书 在豆瓣中查询图书


正题名:流体力学基础     索取号:O35/16:2         预约/预借

序号 登录号 条形码 馆藏地/架位号 状态 备注
1 0121257   000386184   密集书库/ [索取号:O35/16:2] 在馆    
2 0121258   202093849   第二样本阅览室/ [索取号:O35/16:2] 在馆    
唐山师范学院图书馆 欢迎您!
大连网信软件有限公司© 版权所有